000 00801nam a2200217Ia 4500
003 CO-CtgCURN
005 20250407182345.0
008 190723s9999 xx 000 0 und d
020 _a9586165426
040 _aCO-CtgCURN
_bspa
_ccoctgcurn
082 _a345.001
_bU72l
100 _aUrbano Martínez, Jose Joaquin
245 0 _aLa legitimidad del derecho penal :
_bequilibrio entre fines, funciones y consecuencias /
_cJose Joaquin Urbano Martínez
260 _aBogotá, Colombia :
_bUniversidad Externado de Colombia,
_c2001
300 _a200 páginas ;
_c19 centímetros
521 _aAREA PROFESIONAL
590 _aPrograma de Derecho_18
650 _aDerecho penal
942 _cBK
_h345.001
_iU72l
_2ddc
_n0
999 _c28774
_d28774